00509nam a2200193 a 4500001001300000003000900013005001700022008004100039020001000080082001500090100001800105245005500123260004300178300000900221500003500230505001000265650002200275700001800297nice12345678IN_TiNIC20260116012556.0050524s1988 lona grp 000 0 eng  ac10000a269.2bGAL aGall, R James aEvangelistic Baptism in Dispensable to the Church. aLondonbOxford University Press c1988 a306p aincludes index and biblioraphy2 aIndex aEvangelistic Work1 aGall, R James